Los amores del Amor
Saved in:
| Hovedforfatter: | |
|---|---|
| Format: | Bog |
| Sprog: | spansk |
| Udgivet: |
Valdivia
Teatro Luna
1994
|
| Udgivelse: | 1a. ed |
| Fag: | |
| Tags: |
Tilføj Tag
Ingen Tags, Vær først til at tagge denne postø!
|
MARC
| LEADER | 00000nam a2200000 a 4500 | ||
|---|---|---|---|
| 001 | UCK9501 | ||
| 003 | CL-VaPUC | ||
| 008 | 060512e19940000CL |||||||||||||||||spa|d | ||
| 082 | 0 | 4 | |a Ch862 |b GUZ |2 21 |
| 100 | 0 | |a Guzmán, Luis Ariel |e author |9 499360 | |
| 245 | 1 | 4 | |a Los amores del Amor |
| 250 | |a 1a. ed | ||
| 300 | |a 55 | ||
| 942 | |c BK | ||
| 945 | |d 20060512 00:00:00 |a castudil | ||
| 260 | |a Valdivia |b Teatro Luna |c 1994 | ||
| 650 | 0 | |a Teatro chileno |9 266701 | |
| 583 | |a last modification |c 20060512 00:00:00 |k Rodrigo Vera | ||
| 999 | |c 316693 |d 316691 | ||
| 952 | |0 0 |1 0 |4 0 |6 CH_862_000000000000000_GUZ_1994 |7 0 |8 X |9 391355 |a FDOMLP |b FDOMLP |d 2019-11-22 |i 4173880 |o Ch862 GUZ 1994 |p 4173880 |r 2019-11-22 |w 2019-11-22 |y BK_X |k BU2 | ||